| 000 | 00427nam a2200169Ia 4500 | ||
|---|---|---|---|
| 008 | 230312s9999 xx 000 0 und d | ||
| 041 | _aeng | ||
| 082 |
_a621.402'2 _b621.402'2 RAJ |
||
| 100 |
_aRajput R.K. _9137180 |
||
| 245 |
_aHeat And Mass Transfer _bSI Units |
||
| 260 |
_c2009 _bS. Chand |
||
| 300 | _a864 | ||
| 365 |
_cRs. _b450.00 |
||
| 710 |
_aRajput R.K. _9137181 |
||
| 906 | _b337.5 | ||
| 999 |
_c113206 _d113206 |
||